The CGI Book
Αποθηκεύτηκε σε:
| Κύριος συγγραφέας: | |
|---|---|
| Μορφή: | Βιβλίο |
| Γλώσσα: | English |
| Δημοσίευση: |
Indianapolis, Ind. :
New Riders,
c1996
|
| Θέματα: | |
| Ετικέτες: |
Προσθήκη ετικέτας
Δεν υπάρχουν, Καταχωρήστε ετικέτα πρώτοι!
|
MARC
| LEADER | 00000nam a2200000 i 4500 | ||
|---|---|---|---|
| 001 | 1/96103 | ||
| 008 | 000203s1996 eng d | ||
| 020 | |a 1562055712 | ||
| 035 | |l 10055610 | ||
| 040 | |a GR-MY-UA |b gre |e aacr | ||
| 041 | 0 | |a eng | |
| 082 | 0 | |a 005.75 | |
| 100 | 1 | |a Weinman, William E. | |
| 245 | 1 | 4 | |a The CGI Book / |c William E. Weinman |
| 260 | |a Indianapolis, Ind. : |b New Riders, |c c1996 | ||
| 300 | |a xii, 304 p.; |b ill.; |c 24 cm.+ |e 1 computer laser optical disc (4 3/4 in.) | ||
| 504 | |a Includes index | ||
| 650 | 0 | 0 | |a CGI (Computer network protocol) |
| 852 | |a INST |b SAMOS |e 20000203 |h 005.75 WEI |p 005300016393 |q 005300016393 |t BK |y 0 | ||
| 852 | |a INST |b SAMOS |e 20000203 |h 005.75 WEI |p 005300015690 |q 005300015690 |t BK |y 0 | ||
| 901 | |a BIBL3-2000-1 | ||
| 909 | |a Σ |b 070927 | ||
| 909 | |a Σ |b 070928 | ||
| 922 | |a 3ΕΛΗ |b 199911 |c ΤΠΕΣ |d ΠΑΠΑΣΩΤΗΡΙΟΥ | ||
| 950 | |a 133-1999-07-20 | ||
| 970 | |a ΓΕΝΟΥΖΟΥ |b ΧΡΥΣΑΝΘΗ |z 2000/02/03 | ||